书目信息 |
| 题名: |
城市景观之路:与市长们交流
|
|
| 作者: | 俞孔坚 , 李迪华 编 | |
| 分册: | ||
| 出版信息: | 北京 中国建筑工业出版社 2003.01 |
|
| 页数: | 201页 | |
| 开本: | 23cm | |
| 丛书名: | ||
| 单 册: | ||
| 中图分类: | TU985 | |
| 科图分类: | ||
| 主题词: | 绿化规划 | |
| 电子资源: | ||
| ISBN: | 7-112-05585-7 | |
| 000 | 00700nam0 2200217 45 | |
| 001 | 0460718105 | |
| 005 | 2004042516515811 | |
| 010 | @a7-112-05585-7@dCNY 38.00 | |
| 100 | @a20040425d2003 km y0chiy0120 ea | |
| 101 | 0 | @achi |
| 102 | @aCN@b110000 | |
| 200 | 1 | @a城市景观之路:与市长们交流@Acheng shi jing guan zhi lu:yu shi zhang men jiao liu@e与市长们交流@f俞孔坚,李迪华编@Fyu kong jian,li di hua bian |
| 210 | @a北京@c中国建筑工业出版社@d2003.01 | |
| 215 | @a201页@d23cm | |
| 517 | 1 | @a与市长们交流@Ayu shi zhang men jiao liu |
| 606 | 0 | @a绿化规划 |
| 690 | @aTU985@v3 | |
| 701 | 0 | @a俞孔坚@Ayu kong jian@4编 |
| 701 | 0 | @a李迪华@Ali di hua@4编 |
| 801 | 0 | @aCN@bPFT@c20040425 |
| 905 | @dTU985@eY790 | |
| 城市景观之路:与市长们交流:与市长们交流/俞孔坚,李迪华编.-北京:中国建筑工业出版社,2003.01 |
| 201页;23cm |
| ISBN 7-112-05585-7:CNY 38.00 |
| ● |
| 相关链接 |
|
|
|
正题名:城市景观之路:与市长们交流
索取号:TU985/Y790
 
预约/预借
| 序号 | 登录号 | 条形码 | 馆藏地/架位号 | 状态 | 备注 |
| 1 | 391896 | 203918966 | 建筑与城市规划学院资料室/201建筑库 67排7列4层/ [索取号:TU985/Y790] | 在馆 | |
| 2 | 391897 | 203918975 | 建筑库201/201建筑库 66排4列4层/ [索取号:TU985/Y790] | 在馆 | |
| 3 | 391898 | 203918984 | 建筑库201/201建筑库 66排4列4层/ [索取号:TU985/Y790] | 在馆 |